Meghaduta (Record no. 86147)

MARC details
000 -LEADER
campo de control de longitud fija 00562nam a2200193 i 4500
001 - NÚMERO DE CONTROL
campo de control 86147
003 - IDENTIFICADOR DE NÚMERO DE CONTROL
campo de control ES-MaACL
005 - FECHA Y HORA DE LA ÚLTIMA TRANSACCIÓN
campo de control 20230906175401.0
007 - CAMPO FIJO DE DESCRIPCIÓN FÍSICA--INFORMACIÓN GENERAL
campo de control de longitud fija t|
008 - DATOS DE LONGITUD FIJA--INFORMACIÓN GENERAL
campo de control de longitud fija 041207s1922 fr ||||1| fre d
080 ## - NÚMERO DE LA CLASIFICACIÓN DECIMAL UNIVERSAL
Número de la Clasificación Decimal Universal 821.211-14"04"
080 ## - NÚMERO DE LA CLASIFICACIÓN DECIMAL UNIVERSAL
Número de la Clasificación Decimal Universal 294.118
100 1# - ENTRADA PRINCIPAL--NOMBRE DE PERSONA
Nombre de persona Kalidasa.
9 (RLIN) 67445
245 10 - MENCIÓN DEL TÍTULO
Título Meghaduta
Resto del título : (lenuage messager) /
Mención de responsabilidad, etc. de Kalidasa ; traduction de Marcelle Lalou.
260 ## - PUBLICACIÓN, DISTRIBUCIÓN, ETC.
Lugar de publicación, distribución, etc. Paris :
Nombre del editor, distribuidor, etc. Lu Sans Pareil,
Fecha de publicación, distribución, etc. [1922]
700 1# - ENTRADA AGREGADA--NOMBRE PERSONAL
Nombre de persona Lalou, Marcelle.
9 (RLIN) 69740
730 0# - ASIENTO SECUNDARIO--TITULO UNIFORME
Título uniforme Upanishads.
Nombre de parte o sección de la obra Brhadaranyakopanisad.
9 (RLIN) 153064
852 ## - LOCALIZACIÓN
Ubicación ES-MaACL
Número de control de estantería 1627-F-8
Holdings
Estatus retirado Estado de pérdida Estado de daño No para préstamo Colección Biblioteca de origen Biblioteca actual Ubicación en estantería Fecha de adquisición Fuente de adquisición Total de préstamos Signatura topográfica completa Código de barras Visto por última vez Precio de reemplazo Tipo de ítem Koha
        Colección de folletos Biblioteca del Ateneo de Madrid Biblioteca del Ateneo de Madrid Depósito folletos 17/01/2008     1627-F-8 1090014 23/02/2023 23/02/2023 Folleto